000 00871nam a2200253Ia 4500
003 OSt
005 20220923211521.0
006 a|||||r|||| 00| 0
007 ta
008 Pun
020 _a9789380825410 (hbk)
_c250
024 _a280,724
037 _b809, 09/03/2014, H.K. Prakashan
_cTextual
040 _aARTS
_cARTS
_bPun
041 _2Pun
_aPun
082 _aO153:g, Q2
100 _aਅਕਾਲ ਅੰਮ੍ਰਿਤ ਕੌਰ
245 0 _aਪਰਵਾਸੀ ਪੰਜਾਬੀ ਸਾਹਿਤ
_b ਨਵੇ੍ਵ ਦ੍ਰਿFਟੀਕੋਣ
260 _aਜਲੰਧਰ
_b ਦੀਪਮ ਪਬਲਿFਰਗ਼ੂ
_c2012
300 _a135ਪੰ
_ccm.
650 _aਪੰਜਾਬੀ ਸਾਹਿਤ
942 _hO153:g, Q2
_cTEXL
_2CC
999 _c300327
_d300327